Welcome to the Holygrace Academy Library

Please use search bar below to get started

BABBAGE (Record no. 6379)

MARC details
000 -LEADER
fixed length control field 00303nam a22001457a 4500
020 ## - INTERNATIONAL STANDARD BOOK NUMBER
ISBN 81-8022-012-5
082 ## - DEWEY DECIMAL CLASSIFICATION NUMBER
Classification number 920
Item number DEO/B
100 ## - MAIN ENTRY--AUTHOR NAME
Personal name DEO,SUBHASH G.
245 ## - TITLE STATEMENT
Title BABBAGE
250 ## - EDITION STATEMENT
Edition statement FIRST
260 ## - PUBLICATION, DISTRIBUTION, ETC. (IMPRINT)
Place of publication DELHI
Name of publisher PRIORITY PUBLICATIONS
300 ## - PHYSICAL DESCRIPTION
Number of Pages 74
650 ## - SUBJECT ADDED ENTRY--TOPICAL TERM
Topical Term BIOGRAPHY
Geographic subdivision DELHI
942 ## - ADDED ENTRY ELEMENTS (KOHA)
Koha item type Books
Holdings
Withdrawn status Lost status Collection code Home library Current library Shelving location Date acquired Source of acquisition Full call number Accession Number Koha item type
    Reference Main Library Main Library SHELF-17-L-BIOGRAPHIES & AUTOBIOGRAPHIES 07/10/2006 PURCHASE 920 DEO/B 03265 Books